Reversed Europe Map Quiz - Statistics

General Stats
  • This quiz has been taken 1,555 times
  • The average score is 41 of 45
Answers on the Map
Answers color-coded by a green-red scale on the quiz's map according to % correct below.
 
Answer Stats
Answer % Correct
ecnarF
98%
niapS
98%
lagutroP
97%
aissuR
96%
dnalecI
96%
dnalerI
96%
eceerG
96%
modgniK detinU
96%
ylatI
96%
yawroN
95%
dnalniF
94%
kramneD
94%
nedewS
94%
ynamreG
94%
muigleB
93%
sdnalrehteN
93%
airtsuA
92%
dnaloP
92%
dnalreztiwS
92%
eniarkU
92%
gruobmexuL
92%
ainotsE
90%
aivtaL
90%
cilbupeR hcezC
90%
suraleB
90%
airagluB
89%
aitaorC
89%
atlaM
89%
avodloM
89%
nietsnethceiL
89%
ytiC nacitaV
89%
ainablA
88%
ainamoR
88%
ainauhtiL
88%
arrodnA
88%
ocanoM
88%
aikavolS
87%
anivogezreH dna ainsoB
87%
ovosoK
87%
yragnuH
87%
aibreS
86%
ainevolS
86%
ainodecaM htroN
86%
oniraM naS
85%
orgenetnoM
83%
No matching quizzes found
Score Distribution
Percent of People with Each Score
Percentile by Number Answered
Your Score History
You have not taken this quiz